Central Library OPAC University of Rajshahi

Molecular biology / (Record no. 37210)

MARC details
000 -LEADER
fixed length control field 00973nam a2200301 a 4500
001 - CONTROL NUMBER
control field 37210
003 - CONTROL NUMBER IDENTIFIER
rucl marc code BD-RjUL
005 - DATE AND TIME OF LATEST TRANSACTION
control field 20211209052605.0
008 - FIXED-LENGTH DATA ELEMENTS--GENERAL INFORMATION
fixed length control field 141112s2001 enka b 001 0 eng
020 ## - INTERNATIONAL STANDARD BOOK NUMBER
International Standard Book Number 0387916016
035 ## - SYSTEM CONTROL NUMBER
System control number (BD-RjUL) 37312
040 ## - CATALOGING SOURCE
Original cataloging agency DLC
Transcribing agency DLC
Modifying agency DLC
Language of cataloging eng
041 ## - LANGUAGE CODE
Language code of text/sound track or separate title eng
082 04 - DEWEY DECIMAL CLASSIFICATION NUMBER
Classification number 572.8
Edition number 21
Author mark and year MOL 2001
245 00 - TITLE STATEMENT
Title Molecular biology /
Statement of responsibility, etc. P.C. Turner ... [et al.].
250 ## - EDITION STATEMENT
Edition statement 2nd ed.
260 ## - PUBLICATION, DISTRIBUTION, ETC. (IMPRINT)
Place of publication, distribution, etc. Oxford :
Name of publisher, distributor, etc. BIOS ;
Place of publication, distribution, etc. New York :
Name of publisher, distributor, etc. Springer,
Date of publication, distribution, etc. 2001
300 ## - PHYSICAL DESCRIPTION
Pagination xiv, 346 p. :
Illustrations ill. ;
Size 25 cm.
500 ## - GENERAL NOTE
General note Rev. ed. of: Instant notes in molecular biology. 1997.
504 ## - BIBLIOGRAPHY, ETC. NOTE
Bibliography, etc Includes bibliographical references (p. [317]-320) and index.
650 #0 - SUBJECT ADDED ENTRY--TOPICAL TERM
Topical term or geographic name as entry element Molecular biology
Form subdivision Outlines, syllabi, etc.
9 (RLIN) 113936
700 1# - ADDED ENTRY--PERSONAL NAME
Personal name Turner, Philip C.
942 ## - ADDED ENTRY ELEMENTS (KOHA)
Source of classification or shelving scheme Dewey Decimal Classification
Koha item type Books
Holdings
Lost status Source of classification or shelving scheme Damaged status Not for loan Permanent Location Current Location Shelving location Date acquired Total Checkouts Full call number Date last seen Copy number Koha item type
  Dewey Decimal Classification   Not For Loan Institute of Biological Sciences (IBSc) Library Institute of Biological Sciences (IBSc) Library   12/11/2014   572.8 MOL 2001 12/11/2014 C-1 Books